1782 yılı yangınları (Record no. 3267)

MARC details
000 -BAŞLIK
Sabit Uzunlukta Kontrol Alanı 00833na a2200265 4500
001 - KONTROL NUMARASI
Denetim Alanı 17233
003 - KONTROL NUMARASI IDENTIFIER
Denetim Alanı MIRAKIL
005 - SON İŞLEM TARİHİ VE ZAMANI
Denetim Alanı 20181213154926.0
008 - SABİT-BOY VERİ ELEMANLARI - GENEL BİLGİLER
Sabit Uzunlukta Kontrol Alanı 161023b tu 000 0
020 ## - ULUSLARARASI STANDART KİTAP NUMARASI
Uluslararası Standart Kitap Numarası 9754703922
040 ## - KATALOGLAMA KAYNAK
Orijinal Kataloglama Ajansı Milas
Kataloglama Dili tur
Metne Dönüştürmek Ajansı TR-AnCHP
041 ## - DİL KODU
Metin / Ses Parça Veya Ayrı Başlığın Dil Kodu tur
082 ## - DEWEY ONLU SINIFLANDIRMA NUMARASI
Sınıflandırma Numarası 363.37
Ürün Numarası D36b 1994
090 ## - SINIFLAMA NUMARASI
Sınıflama Numarası 363.37 D36b 1994
100 ## - ANA GİRİŞ - KİŞİSEL İSİM
Kişisel Ad Derviş Efnedi-zâde Derviş Mustafa Efendi
245 ## - BAŞLIK TABLOSU
Başlık 1782 yılı yangınları
Sorumluluk Tablosu, Vb Derviş Efnedi-zâde Derviş Mustafa Efendi ; yayına hazırlayan Hüsamettin Aksu
260 ## - YAYIN, DAĞITIM, VB
Yayın, Dağıtım, Vb Yeri İstanbul
Yayıncı, Dağıtıcı, Vs Adı İletişim Yayıncılık
Yayın, Dağıtım, Vb Tarihi 1994
300 ## - FİZİKSEL TANIM
Kapsam 70, 40 s.
Diğer Fiziksel Ayrıntıları rnkl. fotg.
Boyutlar 24 sm.
440 ## - SERİSİ TABLOSU / KATMA GİRİŞİ - BAŞLIK
Başlık İstanbul Dizisi
Hacim / Ardışık Tanımı 14
490 ## - SERİSİ TABLOSU
Seri Beyanı İletişim Yayınları
Hacim / Ardışık Tanımı 251
504 ## - KAYNAKÇA VB NOT
Kaynakça Vb Notu Kaynakça ve dizin var.
651 ## - KONU KATMA GİRİŞ - COĞRAFİ ADI
Coğrafi İsim İstanbul
Genel Alt Bölümü Yangınlar
700 ## - KATMA GİRİŞ - KİŞİSEL İSİM
Kişisel Ad Aksu, Hüsamettin
942 ## - EKLENDİ GİRİŞ ELEMANLARI (KOHA)
Sınıflandırma Veya Raf Düzeni Kaynak Dewey Decimal Classification
Koha Öğesi Türü Books
999 ## - SİSTEM KONTROL NUMARALARI (KOHA)
Koha Biblionumber 3267
Koha Biblioitemnumber 3267
Holdings
Kalıcı Konum Mevcut Konum Edinme Tarihi Edinim Kaynak Seri Numaralandırma / Kronolojik Toplam Check-Out'Lar Tam Çağrı Numarası Barkod Tarih Son Görülme İtibaren Geçerli Fiyatlar Koha Öğesi Türü
CHP Kütüphanesi CHP Kütüphanesi 10/23/2016 Bağış c.6   363.37 D36b 1994 007588 10/23/2016 10/23/2016 Books